[Event "Moscow 03"]
[Site "Moscow"]
[Date "2009.03.??"]
[Round "?"]
[White "Tyutyunnikov, Kirill"]
[Black "Savin, Boris"]
[Result "1/2-1/2"]
[WhiteElo "1964"]
[BlackElo "2164"]
[PlyCount "69"]
[EventDate "2009.03.??"]
[EventType "tourn"]
[EventRounds "11"]
[EventCountry "RUS"]
[SourceTitle "EXT 2012"]
[Source "ChessBase"]
[SourceDate "2011.11.24"]
[SourceVersion "1"]
[SourceVersionDate "2011.11.24"]
[SourceQuality "1"]

1. Nf3 Nf6 2. c4 g6 3. b3 Bg7 4. Bb2 0-0 5. g3 b6 6. Bg2 Bb7 7. 0-0 c5 8. Nc3 d6 9. d4 cxd4 10. Qxd4 Nbd7 11. Qd2 Rc8 12. Rac1 Nc5 13. Rfd1 Qd7 14. Nd4 Bxg2 15. Kxg2 Rfd8 16. f3 d5 17. cxd5 Nxd5 18. Ndb5 Nxc3 19. Qxd7 Rxd7 20. Rxd7 Nxd7 21. Nxc3 Bxc3 22. Rxc3 Rxc3 23. Bxc3 e5 24. e4 f6 25. Kf2 Kf7 26. Ke3 b5 27. Bb4 Nb8 28. Bc5 a6 29. f4 Nc6 30. h3 Ke6 31. fxe5 fxe5 32. Kd3 Kf6 33. Ke3 Ke6 34. Kf3 Kf6 35. Ke3 1/2-1/2

[Event "Moscow op-B"]
[Site "Moscow"]
[Date "2009.02.01"]
[Round "3"]
[White "Nefedov, Sergey Anatolievich"]
[Black "Tyutyunnikov, Kirill"]
[Result "1-0"]
[WhiteElo "2166"]
[BlackElo "1972"]
[PlyCount "43"]
[EventDate "2009.01.31"]
[EventType "swiss"]
[EventRounds "9"]
[EventCountry "RUS"]
[SourceTitle "EXT 2012"]
[Source "ChessBase"]
[SourceDate "2011.11.24"]
[SourceVersion "1"]
[SourceVersionDate "2011.11.24"]
[SourceQuality "1"]

1. d4 Nf6 2. Nf3 e6 3. g3 b6 4. Bg2 Bb7 5. 0-0 Be7 6. b3 0-0 7. Bb2 Na6 8. c4 c5 9. e3 Qc8 10. Nc3 Ne4 11. d5 Nxc3 12. Bxc3 f5 13. Re1 exd5 14. cxd5 Bf6 15. Bxf6 Rxf6 16. e4 fxe4 17. Ng5 Qf8 18. Bxe4 g6 19. Qg4 Qg7 20. d6 Bc6 21. Bxc6 dxc6 22. Qc4+ 1-0

[Event "Dmitrov Summer op"]
[Site "Dmitrov"]
[Date "2008.07.24"]
[Round "5"]
[White "Pak, Alexander"]
[Black "Tyutyunnikov, Kirill"]
[Result "0-1"]
[WhiteElo "1855"]
[BlackElo "1917"]
[PlyCount "92"]
[EventDate "2008.07.21"]
[EventType "swiss"]
[EventRounds "9"]
[EventCountry "RUS"]
[SourceTitle "EXT 2022"]
[Source "ChessBase"]
[SourceDate "2021.10.06"]
[SourceVersion "1"]
[SourceVersionDate "2021.10.06"]
[SourceQuality "1"]

1. e4 e6 2. d4 d5 3. Nc3 Bb4 4. e5 c5 5. a3 Bxc3+ 6. bxc3 Ne7 7. Qg4 0-0 8. Bd3 f5 9. Qg3 Qa5 10. Bd2 Nbc6 11. Nf3 Qa4 12. Qf4 Ng6 13. Qe3 c4 14. Bf1 Qxc2 15. Rc1 Qe4 16. Be2 Qxe3 17. Bxe3 Bd7 18. Rb1 Na5 19. Bd1 b6 20. Bc1 Ne7 21. a4 Nec6 22. Ba3 Rfb8 23. Nd2 a6 24. g4 fxg4 25. Bxg4 b5 26. Bd6 Rb7 27. axb5 axb5 28. Ke2 Na7 29. Nf3 h6 30. Rhg1 Nc8 31. Ra1 Rba7 32. Rgb1 Nb3 33. Rxa7 Rxa7 34. Rb2 Kf7 35. Nd2 Nc1+ 36. Ke3 Nxd6 37. exd6 Nd3 38. Rc2 b4 39. cxb4 Nxb4 40. Rb2 Nd3 41. Rc2 Ra3 42. Nb1 Ra1 43. Nd2 Ba4 44. Rc3 Re1+ 45. Kf3 Bd1+ 46. Kg3 Rg1+ 0-1

[Event "Moscow Petrosian Memorial U18"]
[Site "Moscow"]
[Date "2008.01.??"]
[Round "2"]
[White "Miloserdova, Irina"]
[Black "Tyutyunnikov, Kirill"]
[Result "1/2-1/2"]
[WhiteElo "2015"]
[BlackElo "1844"]
[PlyCount "96"]
[EventDate "2008.01.??"]
[EventType "swiss"]
[EventRounds "9"]
[EventCountry "RUS"]
[SourceTitle "CBM 122 Extra"]
[Source "ChessBase"]
[SourceDate "2008.03.04"]
[SourceVersion "1"]
[SourceVersionDate "2008.03.04"]
[SourceQuality "1"]

1. e4 e6 2. d4 d5 3. Nd2 c5 4. dxc5 Bxc5 5. Bd3 Nf6 6. Qe2 0-0 7. Ngf3 h6 8. 0-0 Nc6 9. e5 Nd7 10. Nb3 Be7 11. Bf4 f6 12. exf6 Nxf6 13. Bg3 Nh5 14. Nbd4 Nxg3 15. hxg3 Nxd4 16. Nxd4 Qb6 17. c3 Bd7 18. Rae1 Rf6 19. Kh2 Raf8 20. f4 Bc5 21. Nf3 Bd6 22. Bb1 Bb5 23. Bd3 Bxd3 24. Qxd3 Rf5 25. Nh4 R5f6 26. Qe2 R8f7 27. Nf3 Re7 28. b4 Qc7 29. Qd3 g5 30. Ne5 Bxe5 31. Rxe5 Ref7 32. Qd4 Qc4 33. Qxc4 dxc4 34. Re4 b5 35. Rf3 g4 36. Rfe3 Re7 37. Re5 a6 38. Kg1 Kf7 39. Kf2 Rf5 40. R5e4 Rd5 41. Re2 Kf6 42. Re5 Rd3 43. R5e3 Rxe3 44. Rxe3 Rd7 45. Ke2 Rd5 46. Ke1 Kf5 47. Ke2 Kf6 48. Ke1 Kf5 1/2-1/2